A dynamic theory of forward exchange

Сохранить в:
Библиографические подробности
Главный автор: Einzig, Paul
Формат:
Язык:Undetermined
Опубликовано: London Melbourne 1976
Предметы:
Метки: Добавить метку
Нет меток, Требуется 1-ая метка записи!
Thư viện lưu trữ: Trung tâm Học liệu Trường Đại học Cần Thơ
LEADER 00477nam a2200181Ia 4500
001 CTU_81848
008 210402s9999 xx 000 0 und d
082 |a 332.4 
082 |b E35 
100 |a Einzig, Paul 
245 2 |a A dynamic theory of forward exchange 
245 0 |c Paul Einzig 
260 |a London 
260 |b Melbourne 
260 |c 1976 
650 |a Foreign exchange futures 
904 |i Trọng Hải 
980 |a Trung tâm Học liệu Trường Đại học Cần Thơ